Schweizer Flüsse und Seen auf einer Karte - Statistiken

Allgemein
  • Dieses Quiz wurde 3.141 mal gespielt
  • Das Durchschnittsergebnis liegt bei 23 aus 54
Antworten auf der Karte
Die Antworten werden auf der Karte rot bzw. grün angezeigt, abhängig davon wie oft sie richtig erraten wurden.
 
Antwortstatistiken
Antwort % Korrekt
Lac Leman /Genfersee
91%
Rhein
91%
Bodensee
88%
Zürichsee
86%
Aare
84%
Vierwaldstättersee
83%
Lac de Neuchâtel / Neuenburgersee
81%
Rhône
77%
Thunersee
75%
Bielersee
73%
Lago Maggiore /Langensee
72%
Zugersee
71%
Lago di Lugano /Luganersee
68%
Limmat
68%
Brienzersee
67%
Inn
64%
Reuss
64%
Walensee
64%
Murtensee
55%
Ticino
54%
Thur
53%
Linth
45%
Saane / Sarine
41%
Hallwilersee
40%
Hinterrhein
40%
Sempachersee
40%
Vorderrhein
40%
Emme
38%
Greifensee
34%
Maggia
33%
Doubs
32%
Töss
28%
Ägerisee
27%
Sihlsee
27%
Sarnersee
23%
Birs
22%
Greyerzersee /Lac de la Gruyère
22%
Baldeggersee
21%
Kander
18%
Lac de Joux
18%
Simme
17%
Kleine Emme
16%
Sitter
15%
Landquart
14%
Albula
11%
Landwasser
9%
Matter Vispa
9%
Sanser Vispa
9%
Suhre
9%
Zihl / Thièle
9%
Dranse de Bagnes
5%
Dranse de Ferret
5%
Poschiavino
4%
Borgne
2%
Keine übereinstimmenden Quizze gefunden
Verteilung der Resultate
Anzahl Personen mit jedem Resultat
Perzentil nach korrekt beantworteten Fragen
Ihre Resultats-Entwicklung
Sie haben dieses Quiz noch nicht gespielt